000 00276nam a22001337a 4500
008 170301b xxu||||| |||| 00| 0 eng d
020 _a0531108031
041 _aeng
080 _a616.8-006
100 _a6
101 _aSHM
245 _aCANCER
_cHERDA, D.J
942 _2udc
_cBK
999 _c6448
_d6448